MARC

Tag First Indicator Second Indicator Subfields
LEADER 00000cam a2200000 i 4500
001 in00004792129
003 OCoLC
005 20240203152231.9
008 220809t20232023nyu c 000 f eng
010 |a  2022016745 
024 8 |a 40032295844 
040 |a DLC  |b eng  |e rda  |c DLC  |d OCLCF  |d TOH  |d JCX  |d OQX  |d JVK  |d RNL  |d IUK  |d EHH  |d YBM  |d SINLB  |d CHILD  |d VP@  |d QS3  |d OCL  |d OCLCO  |d YDX  |d NJB 
019 |a 1295805255  |a 1296084759  |a 1373983266 
020 |a 9780374390433  |q hardcover 
020 |a 0374390436  |q hardcover 
035 |a (OCoLC)1296118228  |z (OCoLC)1295805255  |z (OCoLC)1296084759  |z (OCoLC)1373983266 
042 |a pcc 
050 0 0 |a PZ7.1.C823  |b Gh 2023 
050 4 |a PS3603.U388  |b G46 2023 
082 0 0 |a [Fic]  |2 23 
100 1 |a Cuevas, Adrianna,  |e author. 
245 1 4 |a The ghosts of Rancho Espanto /  |c Adrianna Cuevas. 
250 |a First edition. 
264 1 |a New York, NY :  |b Farrar Straus Giroux Books for Young Readers, an imprint of Macmillan Publishing Group, LLC,  |c 2023. 
264 4 |c ©2023 
300 |a 295 pages ;  |c 22 cm 
336 |a text  |b txt  |2 rdacontent 
337 |a unmediated  |b n  |2 rdamedia 
338 |a volume  |b nc  |2 rdacarrier 
521 |a Grades 4-6.  |b Farrar Straus Giroux. 
520 |a Ages 8-12.  |b Farrar Straus Giroux. 
520 |a Rafa goes to work on a Rancho Espanto as punishment for a prank gone wrong, where he discovers a mystery as inexplicable as it is familiar and ultimately leads to Rafa learning hard truths about himself. 
520 |a Rafa would rather live in the world of The Forgotten Age, his favorite role-playing game, than face his father's increasing restrictions and his mother's fading presence. But when Rafa and his friends decide to take the game out into the real world and steal their school cafeteria's slushie machine, his dad concocts a punishment Rafa never could've imagined -- a month working on a ranch in New Mexico, far away from his friends, their game, and his mom's quesitos in Miami. Life at Rancho Espanto isn't as bad as Rafa initially expected, mostly due to Jennie, a new friend with similarly strong snack opinions, and Marcus, the veteran barn manager who's not as gruff as he appears. But when Rafa's work at the ranch is inexplicably sabotaged by a man who may not be what he seems, Rafa and Jennie explore what's behind the strange events at Rancho Espanto -- and discover that the greatest mystery may have been with Rafa all along. 
650 0 |a Secrecy  |v Juvenile fiction. 
650 0 |a Ranches  |v Juvenile fiction. 
650 0 |a Friendship  |v Juvenile fiction. 
650 0 |a Cuban Americans  |v Juvenile fiction. 
650 1 |a Secrets  |v Fiction. 
650 1 |a Ranches  |v Fiction. 
650 1 |a Friendship  |v Fiction. 
650 1 |a Cuban Americans  |v Fiction. 
650 6 |a Secret  |v Romans, nouvelles, etc. pour la jeunesse. 
650 6 |a Ranchs  |v Romans, nouvelles, etc. pour la jeunesse. 
650 6 |a Amitié  |v Romans, nouvelles, etc. pour la jeunesse. 
650 6 |a Américains d'origine cubaine  |v Romans, nouvelles, etc. pour la jeunesse. 
650 7 |a JUVENILE FICTION / General.  |2 bisacsh 
650 7 |a Secrecy  |2 fast 
650 7 |a Ranches  |2 fast 
650 7 |a Friendship  |2 fast 
650 7 |a Cuban Americans  |2 fast 
655 0 |a Mystery fiction. 
655 7 |a ghost stories.  |2 aat 
655 7 |a Juvenile works  |2 fast 
655 7 |a Ghost stories  |2 fast 
655 7 |a Fiction  |2 fast 
655 7 |a Detective and mystery fiction  |2 fast 
655 7 |a Bildungsromans  |2 fast 
655 7 |a Novels  |2 fast 
655 7 |a Detective and mystery fiction.  |2 lcgft 
655 7 |a Bildungsromans.  |2 lcgft 
655 7 |a Ghost stories.  |2 lcgft 
655 7 |a Novels.  |2 lcgft 
655 7 |a Histoires de fantômes.  |2 rvmgf 
655 7 |a Romans.  |2 rvmgf 
945 |b 87614 
947 |a A14852493874 
980 |b print  |c 40032295844  |g 565712  |k USD  |m 16.19  |q 1  |s AcqMono Conventional  |t Approval plan  |u Vendor order reference number  |v ZYBP  |y Print approval  |z Physical resource 
999 f f |i b2d0957c-688a-4791-b726-be44ace55947  |s 13f5acd0-c9cf-4a25-8300-6738ad107d24  |t 0 
952 f f |p normal  |a Texas A&M University  |b College Station  |c Sterling C. Evans Library  |s Evans curr  |d Evans: Curriculum Collection (4th floor)  |t 0  |e PZ7.1.C823 Gh 2023  |h Library of Congress classification  |i unmediated -- volume  |m A14852493874